[Event "Championnat de France des Jeunes - Benja"]
[Site "NIMES"]
[Date "2012.04.14"]
[Round "1.1"]
[White "Chansavang, Alise"]
[Black "Malassagne, Isabelle"]
[Result "0-1"]
[WhiteElo "1480"]
[BlackElo "1880"]
[PlyCount "88"]

1. d4 Nf6 2. c4 c5 3. e3 g6 4. Nc3 Bg7 5. dxc5 Na6 6. Nf3 Nxc5 7. Be2 O-O 8.
O-O d6 9. Bd3 Nxd3 10. Qxd3 b6 11. e4 Ba6 12. Bd2 Nd7 13. b3 Nc5 14. Qe2 Bb7
15. Rac1 Bxc3 16. Bxc3 Nxe4 17. Qe3 Nxc3 18. Rxc3 Bxf3 19. Qxf3 Rc8 20. Re1 Rc5
21. g3 Qc7 22. Ree3 Rc8 23. Qf4 d5 24. Qxc7 R8xc7 25. Re2 e6 26. Rec2 b5 27. f4
b4 28. Rd3 dxc4 29. bxc4 Rxc4 30. Rxc4 Rxc4 31. Rd7 a5 32. Ra7 Rc5 33. Kf2 Rc2+
34. Ke3 Rxa2 35. h3 Ra3+ 36. Kf2 b3 37. Rb7 a4 38. Rb4 Ra2+ 39. Ke3 b2 40. Kd3
a3 41. Rb3 Ra1 42. Kc2 Rc1+ 43. Kd2 b1=Q 44. Rxb1 Rxb1 0-1

[Event "Championnat de France des Jeunes - Benja"]
[Site "NIMES"]
[Date "2012.04.14"]
[Round "1.2"]
[White "Auvray, Honorine"]
[Black "Duffaud, Celia"]
[Result "0-1"]
[WhiteElo "1799"]
[BlackElo "1480"]
[PlyCount "80"]

1. e4 e5 2. Nf3 Nc6 3. Bb5 a6 4. Ba4 b5 5. Bb3 Nf6 6. O-O Bc5 7. c3 O-O 8. d4
exd4 9. cxd4 Bb6 10. Re1 d5 11. e5 Ne4 12. Nc3 Nxc3 13. bxc3 b4 14. Ba4 Bb7 15.
Bg5 Qc8 16. Bxc6 Bxc6 17. cxb4 Qg4 18. h3 Qf5 19. a4 h6 20. Bd2 f6 21. exf6
Rxf6 22. Re5 Qg6 23. Be3 Bd7 24. Kh1 Raf8 25. Nh4 Qf7 26. g4 g5 27. Ng2 Rf3 28.
Kh2 c6 29. Ne1 Rf6 30. f3 Bc7 31. Bf2 Bxe5+ 32. dxe5 Rf4 33. Bc5 Re8 34. Bd6
Re6 35. Rb1 h5 36. Kg2 hxg4 37. hxg4 Qh7 38. Nd3 Rd4 39. Rb3 Rh6 40. Nf2 Rh1
0-1

[Event "Championnat de France des Jeunes - Benja"]
[Site "NIMES"]
[Date "2012.04.14"]
[Round "1.3"]
[White "Bernardon, Pauline"]
[Black "Duval, Claire"]
[Result "0-1"]
[WhiteElo "1478"]
[BlackElo "1759"]
[PlyCount "90"]

1. e4 c6 2. d4 d5 3. exd5 cxd5 4. Nc3 Nf6 5. f4 Nc6 6. Bb5 Bf5 7. Nf3 Ne4 8.
Nxe4 Bxe4 9. O-O e6 10. Ne5 Qb6 11. Bxc6+ bxc6 12. c3 Bd6 13. Qa4 Rc8 14. b4 f6
15. Nf3 O-O 16. Kh1 e5 17. fxe5 fxe5 18. Bb2 exd4 19. Nxd4 Rxf1+ 20. Rxf1 Qc7
21. h3 Bh2 22. Rf2 Qg3 23. Re2 Rf8 24. Qd1 Rf2 25. Rxf2 Qxf2 26. Nf3 Bg3 27.
Bc1 Bxf3 28. Qg1 Qxg1+ 29. Kxg1 Be2 30. Be3 a6 31. a4 Kf7 32. a5 Ke6 33. Bd4 g6
34. Kh1 Kf5 35. Kg1 Ke4 36. Bf2 Bxf2+ 37. Kxf2 Kd3 38. g4 g5 39. Ke1 Bxg4 40.
hxg4 Kxc3 41. Ke2 d4 42. Kd1 d3 43. Kc1 d2+ 44. Kd1 h6 45. b5 cxb5 0-1

[Event "Championnat de France des Jeunes - Benja"]
[Site "NIMES"]
[Date "2012.04.14"]
[Round "1.4"]
[White "Sauve, Anne-Charlotte"]
[Black "Gtari, Aliya"]
[Result "0-1"]
[WhiteElo "1756"]
[BlackElo "1460"]
[PlyCount "116"]

1. e4 d5 2. exd5 Qxd5 3. Nc3 Qd6 4. Bc4 Nf6 5. d3 a6 6. Bd2 b5 7. Bb3 Bb7 8.
Nf3 e6 9. O-O Be7 10. a4 b4 11. Na2 a5 12. Nc1 O-O 13. Ba2 Ng4 14. Re1 Bxf3 15.
Qxf3 Qxh2+ 16. Kf1 Qh4 17. Bf4 Bd6 18. Bxd6 cxd6 19. Ke2 Nd7 20. g3 Qg5 21. Nb3
Ndf6 22. Kd1 Rfc8 23. Rc1 Ra7 24. Nd4 d5 25. Qe2 Ra6 26. Nf3 Qh5 27. Nd4 Nxf2+
28. Kd2 Qxe2+ 29. Rxe2 N2g4 30. c4 bxc3+ 31. bxc3 Rb6 32. Nb5 Nd7 33. c4 dxc4
34. Bxc4 h6 35. Ree1 Nge5 36. Ba2 Rxc1 37. Rxc1 Rc6 38. Rf1 Nb6 39. Bb3 Rc8 40.
Nd6 Rd8 41. Nxf7 Nxf7 42. Bxe6 Rf8 43. d4 Nc8 44. Kc3 Ncd6 45. d5 g6 46. Kd4
Kg7 47. Kc5 Nb7+ 48. Kb6 Nfd6 49. Rxf8 Kxf8 50. Bd7 Ke7 51. Bc6 Nd8 52. Kxa5
Nxc6+ 53. dxc6 Kd8 54. Kb6 h5 55. a5 Nc4+ 56. Kb5 Nxa5 57. Kxa5 Kc7 58. Kb5 g5
0-1

[Event "Championnat de France des Jeunes - Benja"]
[Site "NIMES"]
[Date "2012.04.14"]
[Round "1.5"]
[White "Renaudier, Celia"]
[Black "Baldi, Valentine"]
[Result "0-1"]
[WhiteElo "1456"]
[BlackElo "1752"]
[PlyCount "108"]

1. d4 d5 2. e3 Nf6 3. c4 dxc4 4. Bxc4 e6 5. Nc3 c5 6. d5 exd5 7. Nxd5 Nxd5 8.
Qxd5 Qc7 9. Ne2 Bd6 10. h3 O-O 11. O-O Nd7 12. Rd1 Be5 13. Qd3 Nb6 14. Rb1 Nxc4
15. Qxc4 Be6 16. Qa4 Rfd8 17. Bd2 b5 18. Qxb5 Bf5 19. Rbc1 Bd3 20. Ba5 Bxb5 21.
Rxd8+ Qxd8 22. Bxd8 Rxd8 23. Nc3 Bc6 24. f4 Bf6 25. Kf2 Rd2+ 26. Ne2 Bb5 27.
Re1 Rxe2+ 28. Rxe2 Bxe2 29. Kxe2 Bxb2 30. Kd3 f5 31. Kc2 Ba3 32. Kb3 Bb4 33. a3
Bd2 34. Kc4 Bxe3 35. g3 Kf7 36. a4 Ke6 37. a5 a6 38. g4 fxg4 39. hxg4 Bxf4 40.
Kxc5 Bd2 41. Kb6 Bxa5+ 42. Kxa5 Kf6 43. Kxa6 Kg5 44. Kb6 Kxg4 45. Kc6 h5 46.
Kd6 h4 47. Ke7 h3 48. Kf7 h2 49. Kxg7 h1=Q 50. Kf7 Qc6 51. Ke7 Kf5 52. Kf7 Qd7+
53. Kg8 Kg6 54. Kf8 Qf7# 0-1

[Event "Championnat de France des Jeunes - Benja"]
[Site "NIMES"]
[Date "2012.04.15"]
[Round "2.1"]
[White "Malassagne, Isabelle"]
[Black "Garnier, Fiona"]
[Result "1-0"]
[WhiteElo "1880"]
[BlackElo "1590"]
[PlyCount "73"]

1. d4 d5 2. c4 Nf6 3. cxd5 Nxd5 4. e4 Nb6 5. Nc3 a6 6. Nf3 Bg4 7. Be2 Bxf3 8.
Bxf3 Nc6 9. d5 Ne5 10. Be2 g5 11. Bxg5 Rg8 12. Bf4 Ng6 13. Bg3 Bh6 14. a4 Bf4
15. a5 Nd7 16. Bg4 Nde5 17. Bf5 Qd6 18. O-O h5 19. Ne2 Bg5 20. f4 Ng4 21. fxg5
Qc5+ 22. Qd4 Qc2 23. Qa4+ Qxa4 24. Rxa4 Ne3 25. Rf3 Nd1 26. Rb4 Rb8 27. Rd3
Nxb2 28. Rxb2 Rh8 29. Bxc7 Rc8 30. Bxc8 h4 31. Rxb7 Kf8 32. Bf5 Rh5 33. Bxg6
fxg6 34. Nf4 Rh7 35. Ne6+ Ke8 36. Rf3 Rf7 37. Rb8+ 1-0

[Event "Championnat de France des Jeunes - Benja"]
[Site "NIMES"]
[Date "2012.04.15"]
[Round "2.2"]
[White "Duval, Claire"]
[Black "Le Berre, Audrey"]
[Result "1-0"]
[WhiteElo "1759"]
[BlackElo "1582"]
[PlyCount "105"]

1. d4 Nf6 2. c4 g6 3. Nc3 Bg7 4. e4 O-O 5. Nf3 d6 6. Be2 c5 7. d5 Nbd7 8. h3
Re8 9. O-O Nb6 10. Re1 a6 11. Be3 e6 12. Qc2 exd5 13. exd5 Bf5 14. Bd3 Bxd3 15.
Qxd3 Qd7 16. Re2 Re7 17. Rae1 Rae8 18. Nd2 Na4 19. Nxa4 Qxa4 20. b3 Qd7 21. Bf4
Rxe2 22. Rxe2 Rxe2 23. Qxe2 b5 24. Ne4 Nxe4 25. Qxe4 b4 26. Qe3 a5 27. Bg5 Bd4
28. Qe4 f6 29. Bf4 Be5 30. Bc1 a4 31. f4 Bd4+ 32. Kh1 axb3 33. axb3 f5 34. Qe2
Kf7 35. Bb2 Bxb2 36. Qxb2 Qe7 37. Qh8 h5 38. Qh7+ Kf6 39. Qxe7+ Kxe7 40. Kh2
Kf6 41. Kg3 g5 42. fxg5+ Kxg5 43. Kf3 h4 44. g3 hxg3 45. Kxg3 f4+ 46. Kf3 Kf5
47. h4 Ke5 48. h5 Kf5 49. h6 Kg6 50. Kxf4 Kxh6 51. Kf5 Kg7 52. Ke6 Kf8 53. Kxd6
1-0

[Event "Championnat de France des Jeunes - Benja"]
[Site "NIMES"]
[Date "2012.04.15"]
[Round "2.3"]
[White "Baldi, Valentine"]
[Black "Koppe, Melissa"]
[Result "1-0"]
[WhiteElo "1752"]
[BlackElo "1563"]
[PlyCount "73"]

1. d4 d5 2. c4 dxc4 3. e3 e6 4. Bxc4 c5 5. Nf3 Nf6 6. Nc3 a6 7. a3 Nc6 8. O-O
Be7 9. dxc5 Bxc5 10. b4 Ba7 11. Qc2 b5 12. Nxb5 O-O 13. Nxa7 Rxa7 14. Rd1 Rd7
15. Rxd7 Qxd7 16. Bb2 Nd5 17. Rd1 Rd8 18. Bb3 Qe7 19. Qxc6 Bb7 20. Qc2 Rc8 21.
Qe2 h6 22. Rc1 Rxc1+ 23. Bxc1 Nc3 24. Qd3 Qc7 25. Bb2 Nd5 26. Qd4 Nf6 27. Ne5
Be4 28. Ng4 Bg6 29. Nxf6+ gxf6 30. Qxf6 Kf8 31. Bxe6 Qd6 32. Bb3 Qd3 33. h3
Qb1+ 34. Kh2 Qd3 35. Bd4 Ke8 36. Qc6+ Kd8 37. Bf6# 1-0

[Event "Championnat de France des Jeunes - Benja"]
[Site "NIMES"]
[Date "2012.04.15"]
[Round "2.4"]
[White "Afraoui, Anaelle"]
[Black "Joudelat, Noemie"]
[Result "0-1"]
[WhiteElo "1537"]
[BlackElo "1747"]
[PlyCount "102"]

1. e4 c5 2. Nf3 d6 3. d4 cxd4 4. Nxd4 Nf6 5. Nc3 g6 6. Bc4 Bg7 7. Be3 Nc6 8. f3
Bd7 9. Qd2 O-O 10. O-O-O a6 11. Bb3 b5 12. Nxc6 Bxc6 13. Bh6 a5 14. Bxg7 Kxg7
15. g4 Qb6 16. h4 a4 17. Bd5 b4 18. Ne2 Bxd5 19. exd5 b3 20. Nc3 Ra5 21. Rhe1
Rc8 22. Qd4 Qxd4 23. Rxd4 bxc2 24. g5 Ng8 25. Rxa4 Rxa4 26. Nxa4 Rc4 27. Re4
Rc7 28. Nc3 f6 29. f4 Kf7 30. Kxc2 f5 31. Rd4 e6 32. dxe6+ Kxe6 33. a4 Ne7 34.
b4 Nc6 35. Rc4 d5 36. Rxc6+ Rxc6 37. Kb3 Rc8 38. b5 d4 39. Nd1 d3 40. b6 Rc6
41. a5 Kd7 42. Ne3 d2 43. Kb4 Rc1 44. Kb5 d1=Q 45. Nxd1 Rxd1 46. a6 Rd5+ 47.
Kb4 Kc6 48. a7 Kb7 49. Kc4 Ra5 50. Kb4 Ra1 51. Kc5 Rf1 0-1

[Event "Championnat de France des Jeunes - Benja"]
[Site "NIMES"]
[Date "2012.04.15"]
[Round "2.5"]
[White "Leriche, Ines"]
[Black "Bourgoin, Cecile"]
[Result "1-0"]
[WhiteElo "1738"]
[BlackElo "1540"]
[PlyCount "73"]

1. Nf3 d5 2. d4 e6 3. c4 f5 4. g3 Nf6 5. Bg2 Nbd7 6. O-O Be7 7. b3 O-O 8. Bb2
b6 9. Qc2 Bb7 10. Ne1 c5 11. Nd3 Rc8 12. Nf4 Rc6 13. cxd5 exd5 14. Nxd5 Ne4 15.
Bxe4 fxe4 16. Qxe4 Re8 17. Nxe7+ Rxe7 18. Qd3 Nf6 19. dxc5 Qf8 20. cxb6 Rc5 21.
Ba3 Ne4 22. Bxc5 Ng5 23. h4 Nh3+ 24. Kh2 Nf4 25. Qc4+ Ne6 26. Bxe7 Qxe7 27.
bxa7 Qe8 28. Nc3 Kf8 29. Qb4+ Qe7 30. Qxe7+ Kxe7 31. Rfd1 Ba8 32. Nd5+ Kf7 33.
Nb6 Nc7 34. Rd7+ Ke8 35. Rxc7 Be4 36. Rd1 Kf8 37. Rd8# 1-0

[Event "Championnat de France des Jeunes - Benja"]
[Site "NIMES"]
[Date "2012.04.15"]
[Round "3.1"]
[White "Aubert, Laurane"]
[Black "Malassagne, Isabelle"]
[Result "0-1"]
[WhiteElo "1656"]
[BlackElo "1880"]
[PlyCount "140"]

1. e4 e6 2. Nc3 d5 3. Nf3 c5 4. d3 Nc6 5. Bf4 a6 6. Ne2 Nf6 7. Ng3 Be7 8. Be2
O-O 9. O-O b5 10. c3 Bb7 11. Qc2 Qb6 12. Rad1 Rfd8 13. Rfe1 d4 14. Ne5 Nxe5 15.
Bxe5 Nd7 16. Bf4 Rac8 17. Bd2 Bh4 18. Rf1 Nf6 19. Be1 c4 20. Kh1 Bxg3 21. fxg3
cxd3 22. Bxd3 h6 23. Qe2 Qc6 24. cxd4 Nxe4 25. Bxe4 Qxe4 26. Qxe4 Bxe4 27. Bc3
b4 28. Bxb4 Rc2 29. Rd2 Rdc8 30. Kg1 Rxd2 31. Bxd2 Rc2 32. Rf2 Rxb2 33. Be1 Rb1
34. Re2 Bd3 35. Re3 Be4 36. a3 Rd1 37. h3 Rxd4 38. Bf2 Rd2 39. Rc3 Bd5 40. Rc8+
Kh7 41. Rc7 Kg6 42. Ra7 Bc4 43. Rc7 Bb5 44. Ra7 Ra2 45. Bc5 Bc6 46. Rxa6 Rxg2+
47. Kf1 Bd5 48. Bf2 Rxg3 49. Rxe6+ Bxe6 50. Bxg3 Bxh3+ 51. Kf2 Kf5 52. a4 Ke4
53. a5 Bc8 54. Bd6 g5 55. Kg3 f5 56. Bf8 f4+ 57. Kf2 h5 58. Bh6 g4 59. Bg5 Kf5
60. Bh4 g3+ 61. Bxg3 fxg3+ 62. Kxg3 Kg5 63. Kg2 Kg4 64. Kh2 h4 65. Kg2 h3+ 66.
Kh2 Kh4 67. Kg1 Kg3 68. a6 h2+ 69. Kh1 Bh3 70. a7 Bg2# 0-1

[Event "Championnat de France des Jeunes - Benja"]
[Site "NIMES"]
[Date "2012.04.15"]
[Round "3.2"]
[White "Nicolas, Gabrielle"]
[Black "Duval, Claire"]
[Result "1/2-1/2"]
[WhiteElo "1607"]
[BlackElo "1759"]
[PlyCount "120"]

1. d4 Nf6 2. c4 e6 3. Nf3 d5 4. Nc3 Be7 5. e3 Nbd7 6. Bd3 O-O 7. O-O a6 8. a4
c5 9. Rb1 b6 10. b3 cxd4 11. exd4 Bb7 12. Qe2 Rc8 13. Bd2 Bb4 14. Rfc1 Bxc3 15.
Bxc3 Ne4 16. Bb2 a5 17. cxd5 exd5 18. Rxc8 Qxc8 19. Rc1 Qb8 20. Bb5 Qd6 21. Ne5
Nxe5 22. dxe5 Qe7 23. Qe3 Nc5 24. Ba3 Rc8 25. b4 axb4 26. Bxb4 d4 27. Qg3 Qe6
28. h3 Ne4 29. Rxc8+ Qxc8 30. Qd3 Qc1+ 31. Qf1 Qb2 32. Bd6 Nc3 33. Bc7 Nxb5 34.
Qxb5 Qxb5 35. axb5 d3 36. Kf1 Bxg2+ 37. Ke1 Bxh3 38. Kd2 Bd7 39. Kxd3 Bxb5+ 40.
Ke3 Kf8 41. Bxb6 Ke7 42. Bd4 Ke6 43. Kf4 Bd3 44. Kg5 h6+ 45. Kh5 Bg6+ 46. Kg4
Bf5+ 47. Kh5 Kd5 48. Bc3 Be6 49. f4 Ke4 50. Bd2 Kf3 51. Kh4 Kg2 52. Bc1 h5 53.
Kxh5 Kh3 54. Kg5 Kg3 55. Bd2 f6+ 56. Kg6 fxe5 57. fxe5 Kg4 58. Kxg7 Kf5 59. Bc3
Bc8 60. e6 Kxe6 1/2-1/2

[Event "Championnat de France des Jeunes - Benja"]
[Site "NIMES"]
[Date "2012.04.15"]
[Round "3.3"]
[White "Quelennec, Amelie"]
[Black "Baldi, Valentine"]
[Result "0-1"]
[WhiteElo "1605"]
[BlackElo "1752"]
[PlyCount "100"]

1. b3 d5 2. Bb2 c6 3. e3 Nf6 4. Nf3 Bf5 5. c4 e6 6. Be2 Bd6 7. O-O O-O 8. d4
Nbd7 9. Nbd2 Qe7 10. Rc1 e5 11. dxe5 Nxe5 12. Nd4 Bd7 13. N2f3 dxc4 14. Bxc4
Nxf3+ 15. Nxf3 Bg4 16. h3 Bh5 17. Be2 Rfd8 18. Kh1 Be5 19. Bd4 Bxd4 20. exd4
Nd5 21. Bc4 Qf6 22. g4 Bg6 23. Ne5 Nf4 24. Kh2 c5 25. Qf3 Rxd4 26. Qxb7 Re8 27.
Nxg6 Nxg6 28. g5 Qf4+ 29. Kh1 Rd2 30. Qg2 Nh4 31. Qc6 Rf8 32. Bd5 Rxf2 33. Rxf2
Qxf2 34. Qxc5 Qg3 35. Qg1 Qxh3+ 36. Qh2 Qe3 37. Rf1 Qxg5 38. Bxf7+ Kh8 39. Bc4
Rxf1+ 40. Bxf1 Qd5+ 41. Kg1 Nf3+ 42. Kg2 Nxh2+ 43. Kxh2 Qd2+ 44. Bg2 Qxa2 45.
b4 Qb3 46. b5 Qxb5 47. Kg3 a5 48. Bf3 a4 49. Kf4 a3 50. Be4 a2 0-1

[Event "Championnat de France des Jeunes - Benja"]
[Site "NIMES"]
[Date "2012.04.15"]
[Round "3.4"]
[White "Joudelat, Noemie"]
[Black "Broly, Marine"]
[Result "1/2-1/2"]
[WhiteElo "1747"]
[BlackElo "1603"]
[PlyCount "80"]

1. e4 c5 2. Nf3 d6 3. d4 cxd4 4. Nxd4 Nf6 5. Nc3 g6 6. Bc4 Bg7 7. Be3 O-O 8. f3
Nc6 9. Qd2 Bd7 10. O-O-O Rc8 11. Bb3 Na5 12. g4 Nc4 13. Bxc4 Rxc4 14. h4 h5 15.
gxh5 Nxh5 16. Nde2 Be6 17. Bh6 Qa5 18. Bxg7 Kxg7 19. Nd4 Qe5 20. Rhg1 Rfc8 21.
Rg5 Qf6 22. Nxe6+ Qxe6 23. Rdg1 R8c5 24. f4 Rxc3 25. bxc3 Rxg5 26. fxg5 Qxa2
27. Qf2 Qc4 28. Qd4+ Qxd4 29. cxd4 Nf4 30. Kd2 Ne6 31. c3 Kf8 32. Rb1 Nd8 33.
d5 Ke8 34. Kd3 Kd7 35. Rb2 Kc7 36. Rh2 Kd7 37. Rb2 Kc7 38. Rh2 Kd7 39. Rb2 Kc7
40. Rh2 Kd7 1/2-1/2

[Event "Championnat de France des Jeunes - Benja"]
[Site "NIMES"]
[Date "2012.04.15"]
[Round "3.5"]
[White "Bartels, Karina"]
[Black "Leriche, Ines"]
[Result "0-1"]
[WhiteElo "1590"]
[BlackElo "1738"]
[PlyCount "146"]

1. e4 c6 2. d4 d5 3. e5 Bf5 4. c4 h6 5. Nc3 e6 6. Be3 Nd7 7. Nf3 Ne7 8. c5 Bh7
9. Be2 Ng6 10. O-O a5 11. a3 Be7 12. Bd3 O-O 13. Re1 Qc7 14. Nd2 Rfd8 15. b4
Ndxe5 16. dxe5 d4 17. Bxd4 Rxd4 18. Nf3 Rd7 19. Qc2 b6 20. Na2 axb4 21. axb4
bxc5 22. bxc5 Rd5 23. Nb4 Rdd8 24. Qc3 Nf4 25. Bxh7+ Kxh7 26. Qc2+ Kg8 27. Qe4
Nd5 28. Nd3 Ra5 29. Rac1 Qa7 30. Qc4 Ra4 31. Qc2 Ra3 32. Qc4 Ra4 33. Qc2 Rb8
34. Rb1 Rxb1 35. Rxb1 Ra3 36. Qc4 Rc3 37. Qd4 Qa3 38. Rd1 Bxc5 39. Nxc5 Qxc5
40. Qxc5 Rxc5 41. h3 Rc3 42. Kf1 c5 43. Ke2 Nf4+ 44. Kd2 Rd3+ 45. Kc2 Ra3 46.
Kb2 Rd3 47. Kc2 c4 48. g3 Rxf3 49. gxf4 Rxf2+ 50. Kc3 Rxf4 51. Rh1 Kf8 52. Rh2
Ke7 53. Rg2 g6 54. Rh2 Kd7 55. Rd2+ Kc6 56. Rd6+ Kc5 57. Rd8 Rf3+ 58. Kc2 Rxh3
59. Rc8+ Kd4 60. Rd8+ Kxe5 61. Rf8 Rf3 62. Ra8 h5 63. Ra5+ Kf6 64. Ra1 h4 65.
Rh1 h3 66. Rh2 Rg3 67. Rh1 g5 68. Rf1+ Kg6 69. Rh1 g4 70. Kd2 Rg2+ 71. Kc3 h2
72. Kxc4 g3 73. Kd3 Rg1 0-1

[Event "Championnat de France des Jeunes - Benja"]
[Site "NIMES"]
[Date "2012.04.16"]
[Round "4.1"]
[White "Malassagne, Isabelle"]
[Black "Chung, Mathilde"]
[Result "1-0"]
[WhiteElo "1880"]
[BlackElo "1678"]
[PlyCount "45"]

1. d4 Nf6 2. c4 g6 3. Nc3 Bg7 4. e4 d6 5. f4 c5 6. d5 a6 7. Nf3 Bg4 8. Be2 O-O
9. O-O Nbd7 10. h3 Bxf3 11. Bxf3 Rb8 12. Qe2 Qc7 13. Bd2 e6 14. Rad1 exd5 15.
cxd5 Rfe8 16. Qf2 b5 17. g4 Nb6 18. e5 Nfd7 19. e6 fxe6 20. dxe6 Bd4 21. Be3
Rxe6 22. Nd5 Qc6 23. Bxd4 1-0

[Event "Championnat de France des Jeunes - Benja"]
[Site "NIMES"]
[Date "2012.04.16"]
[Round "4.2"]
[White "Baldi, Valentine"]
[Black "Dory, Manon"]
[Result "1-0"]
[WhiteElo "1752"]
[BlackElo "1665"]
[PlyCount "73"]

1. d4 d5 2. c4 e6 3. Nc3 Nf6 4. Nf3 b6 5. e3 Bb7 6. Bd3 dxc4 7. Bxc4 a6 8. O-O
c5 9. Qe2 Nbd7 10. Rd1 Qc7 11. h3 b5 12. Bd3 Be7 13. e4 Nb6 14. e5 Nfd5 15.
dxc5 Nxc3 16. bxc3 Nd5 17. Bd2 Bxc5 18. Rac1 Nb6 19. Nd4 Nd7 20. Bf4 Qb6 21.
Qg4 g6 22. h4 Bd5 23. Rc2 h5 24. Qe2 Bxd4 25. cxd4 Qxd4 26. Bg3 Qb6 27. Rdc1
Ke7 28. Qd2 Kf8 29. Bf4 Kg7 30. Rc7 Ra7 31. Rc8 Rxc8 32. Bh6+ Kh7 33. Rxc8 Ra8
34. Rxa8 Bxa8 35. Qf4 Nxe5 36. Bf8 Ng4 37. Qxf7+ 1-0

[Event "Championnat de France des Jeunes - Benja"]
[Site "NIMES"]
[Date "2012.04.16"]
[Round "4.3"]
[White "Leriche, Ines"]
[Black "Rouffignac, Marie"]
[Result "0-1"]
[WhiteElo "1738"]
[BlackElo "1657"]
[PlyCount "118"]

1. c4 c5 2. Nf3 Nf6 3. d4 g6 4. g3 Bg7 5. Bg2 O-O 6. O-O cxd4 7. Nxd4 Nc6 8.
Nc3 Ng4 9. e3 Nf6 10. b3 Qc7 11. Bb2 d6 12. Nd5 Nxd5 13. cxd5 Ne5 14. Qe2 Qb6
15. Rac1 Nd7 16. Nf3 Nc5 17. Bxg7 Kxg7 18. Qb2+ Kg8 19. Qd4 Bd7 20. Nd2 Bb5 21.
Nc4 Qa6 22. Rc2 Bxc4 23. Qxc4 Qxc4 24. Rxc4 b5 25. Rc2 b4 26. e4 Rac8 27. Rfc1
Rc7 28. Rc4 a5 29. Kf1 Rfc8 30. Bh3 Rb8 31. Ke2 h5 32. Ke3 g5 33. f3 Kg7 34.
Bf1 Rbc8 35. Be2 f6 36. f4 Kg6 37. Bd3 Kg7 38. fxg5 fxg5 39. Be2 Kg6 40. h4 g4
41. Rf1 Nd7 42. Rfc1 Rxc4 43. Rxc4 Rxc4 44. bxc4 Nc5 45. Bd1 Kf6 46. Kd4 a4 47.
e5+ Kf7 48. e6+ Kf6 49. Bc2 a3 50. Bb1 Na4 51. Bc2 Nc3 52. Bb3 Ne2+ 53. Kd3
Nxg3 54. Ke3 Nf5+ 55. Kf4 Nxh4 56. Bc2 Nf3 57. Ke4 Nd2+ 58. Kd3 b3 59. Kxd2
bxa2 0-1

[Event "Championnat de France des Jeunes - Benja"]
[Site "NIMES"]
[Date "2012.04.16"]
[Round "4.4"]
[White "Duval, Claire"]
[Black "Langevin, Pauline"]
[Result "1-0"]
[WhiteElo "1759"]
[BlackElo "1525"]
[PlyCount "81"]

1. d4 d5 2. c4 c6 3. Nf3 Nf6 4. Nc3 e6 5. Bg5 Be7 6. e3 Nbd7 7. Rc1 O-O 8. c5
b6 9. cxb6 axb6 10. Bd3 c5 11. b3 Ba6 12. Bxa6 Rxa6 13. Qe2 Ra8 14. O-O Bd6 15.
Nb5 Qb8 16. Nxd6 Qxd6 17. Bf4 Qe7 18. Rc2 Ne4 19. Rfc1 Rfc8 20. Ne5 Nxe5 21.
Bxe5 f6 22. f3 fxe5 23. fxe4 exd4 24. exd4 Qh4 25. dxc5 bxc5 26. Rxc5 Rxc5 27.
Rxc5 Qxe4 28. Qxe4 dxe4 29. Rc2 Ra5 30. Kf2 Kf7 31. Ke3 Re5 32. Rc4 Rd5 33.
Rxe4 Rd1 34. Rd4 Ra1 35. a4 Ra2 36. Rd2 Ra3 37. Rb2 Ke7 38. Kd3 Kd6 39. Kc3 Kc5
40. Re2 Kd5 41. Kb2 1-0

[Event "Championnat de France des Jeunes - Benja"]
[Site "NIMES"]
[Date "2012.04.16"]
[Round "4.5"]
[White "Imperor, Lorene"]
[Black "Joudelat, Noemie"]
[Result "1/2-1/2"]
[WhiteElo "1714"]
[BlackElo "1747"]
[PlyCount "75"]

1. d4 Nf6 2. c4 c5 3. d5 b5 4. cxb5 a6 5. bxa6 g6 6. Nc3 Bxa6 7. d6 Nc6 8. g3
Bg7 9. Bg2 Rb8 10. Qa4 Qb6 11. Bxc6 dxc6 12. dxe7 Bb5 13. Nxb5 cxb5 14. Qc2 c4
15. Nh3 Rb7 16. O-O Rxe7 17. Be3 Qc6 18. Bg5 O-O 19. a4 h6 20. Bxf6 Bxf6 21.
Nf4 Rfe8 22. e3 Rd8 23. Rfd1 Red7 24. axb5 Rxd1+ 25. Rxd1 Rxd1+ 26. Qxd1 Qxb5
27. Qc2 g5 28. Ne2 Bxb2 29. Nd4 Bxd4 30. exd4 Qb3 31. Qe4 c3 32. Qe8+ Kg7 33.
Qe5+ f6 34. Qe7+ Kg6 35. Qe4+ Kg7 36. Qe7+ Kg6 37. Qe4+ Kg7 38. Qe7+ 1/2-1/2

[Event "Championnat de France des Jeunes - Benja"]
[Site "NIMES"]
[Date "2012.04.17"]
[Round "5.1"]
[White "Rouffignac, Marie"]
[Black "Malassagne, Isabelle"]
[Result "1/2-1/2"]
[WhiteElo "1657"]
[BlackElo "1880"]
[PlyCount "120"]

1. d4 f5 2. Bf4 Nf6 3. Nf3 e6 4. Nbd2 d5 5. e3 Bd6 6. c3 O-O 7. Qc2 c6 8. Bd3
b6 9. h3 Bb7 10. O-O Qc7 11. Bxd6 Qxd6 12. Ne5 Nbd7 13. Ndf3 Ne4 14. Nxd7 Qxd7
15. Ne5 Qe7 16. Rad1 Qg5 17. Nf3 Qh5 18. Qe2 Rf6 19. Ne5 Qg5 20. Nf3 Qh5 21.
Ne5 Qg5 22. Nf3 Qh6 23. Ne5 Ng5 24. Kh2 Nf7 25. f4 Nxe5 26. fxe5 Rf7 27. Kg1 c5
28. Rf3 c4 29. Bb1 Qh4 30. Qf2 Qxf2+ 31. Kxf2 Bc6 32. Bc2 Rb8 33. Ke2 b5 34. g4
g6 35. Rg1 Rg7 36. gxf5 gxf5 37. Rfg3 Rbb7 38. Kf3 Rxg3+ 39. Rxg3+ Rg7 40.
Rxg7+ Kxg7 41. Kf4 Kh6 42. Bd1 Be8 43. Be2 Bh5 44. Bxh5 Kxh5 45. Kg3 Kg6 46. h4
a5 47. a3 Kf7 48. Kf4 h6 49. h5 Ke7 50. Kf3 Kd7 51. Ke2 Kc6 52. Kd2 Kb6 53. Kc2
Ka6 54. Kc1 b4 55. a4 Kb6 56. Kc2 b3+ 57. Kd2 Ka6 58. Kd1 Kb6 59. Kd2 Ka6 60.
Kd1 Kb6 1/2-1/2

[Event "Championnat de France des Jeunes - Benja"]
[Site "NIMES"]
[Date "2012.04.17"]
[Round "5.2"]
[White "Nicolas, Gabrielle"]
[Black "Baldi, Valentine"]
[Result "1/2-1/2"]
[WhiteElo "1607"]
[BlackElo "1752"]
[PlyCount "120"]

1. d4 d5 2. Nf3 Nf6 3. c4 dxc4 4. e3 e6 5. Bxc4 c5 6. O-O Nc6 7. dxc5 Bxc5 8.
Qxd8+ Kxd8 9. Nbd2 a6 10. Be2 Ke7 11. Rd1 b5 12. a4 b4 13. Nb3 Bd6 14. a5 Bb7
15. Nfd2 Rhd8 16. Nc4 Bc7 17. Bd2 Ne4 18. Be1 Nd6 19. Rac1 Nxc4 20. Bxc4 Bd6
21. f3 Ne5 22. Be2 Rac8 23. Kf2 Bd5 24. Nd4 Bc4 25. h3 Bxe2 26. Kxe2 Nc4 27.
Nb3 Nxb2 28. Rxc8 Rxc8 29. Rc1 Rxc1 30. Nxc1 Kd7 31. Na2 Kc6 32. Nxb4+ Kb5 33.
Bc3 Na4 34. Na2 Nxc3+ 35. Nxc3+ Kxa5 36. Kd3 Kb4 37. Ne4 Be7 38. Kc2 Bc5 39.
Ng5 Bxe3 40. Nxf7 a5 41. Nd8 e5 42. Nc6+ Kb5 43. Nxe5 Bf4 44. Nd3 Bg3 45. Nc1
h5 46. Ne2 h4 47. f4 g6 48. Nd4+ Kc4 49. Ne6 Kd5 50. Nf8 Bxf4 51. Nxg6 Bg3 52.
Kb3 Ke6 53. Ka4 Kf7 54. Nxh4 Bxh4 55. Kxa5 Kf6 56. Kb4 Kf5 57. Kc3 Kf4 58. g4
Kg3 59. g5 Bxg5 60. h4 Bxh4 1/2-1/2

[Event "Championnat de France des Jeunes - Benja"]
[Site "NIMES"]
[Date "2012.04.17"]
[Round "5.3"]
[White "Joudelat, Noemie"]
[Black "Duval, Claire"]
[Result "1/2-1/2"]
[WhiteElo "1747"]
[BlackElo "1759"]
[PlyCount "90"]

1. e4 c6 2. d4 d5 3. e5 Bf5 4. Nc3 e6 5. g4 Bg6 6. Nge2 Nd7 7. Nf4 Be7 8. Be3
Bg5 9. Nxg6 hxg6 10. Qd2 Bxe3 11. Qxe3 Ne7 12. f4 a6 13. h3 c5 14. dxc5 Qa5 15.
O-O-O Nxc5 16. Bg2 O-O-O 17. Kb1 Kb8 18. a3 Rc8 19. Rhf1 Rc6 20. Qg3 Rb6 21.
Ka2 Rb4 22. Qf2 Rc8 23. f5 Rc6 24. fxg6 Rcb6 25. b3 fxg6 26. Qf8+ Nc8 27. Qxg7
Nxb3 28. Rb1 Nd4 29. Rxb4 Rxb4 30. Rf8 Nxc2 31. Rxc8+ Kxc8 32. Qf8+ Kc7 33.
Qd6+ Kc8 34. Qf8+ Kc7 35. Qd6+ Kc8 36. Qf8+ Kd7 37. Qd6+ Ke8 38. Qxe6+ Kd8 39.
Qd6+ Kc8 40. Qf8+ Kd7 41. Qd6+ Kc8 42. Qf8+ Kd7 43. Qd6+ Kc8 44. Qf8+ Kd7 45.
Qd6+ Kc8 1/2-1/2

[Event "Championnat de France des Jeunes - Benja"]
[Site "NIMES"]
[Date "2012.04.17"]
[Round "5.4"]
[White "Thomas, Apolline"]
[Black "Leriche, Ines"]
[Result "1/2-1/2"]
[WhiteElo "1641"]
[BlackElo "1738"]
[PlyCount "63"]

1. e4 c6 2. Nf3 d5 3. Nc3 Bg4 4. h3 Bxf3 5. Qxf3 e6 6. d4 dxe4 7. Qxe4 Nf6 8.
Qd3 Bd6 9. Be2 Nbd7 10. Be3 O-O 11. O-O Qc7 12. Bf3 Rfd8 13. Qe2 a5 14. a3 Nd5
15. Nxd5 cxd5 16. Bg5 Rdc8 17. Rfc1 b5 18. b3 Bh2+ 19. Kh1 Bf4 20. Bxf4 Qxf4
21. Qd3 Rc7 22. c4 bxc4 23. bxc4 dxc4 24. Rxc4 Rac8 25. Rxc7 Rxc7 26. Rb1 Rc1+
27. Rxc1 Qxc1+ 28. Kh2 Qc7+ 29. Kh1 Qc1+ 30. Kh2 Qc7+ 31. Kh1 Qc1+ 32. Kh2
1/2-1/2